[Event "Guernsey op 43rd"]
[Site "Vale"]
[Date "2017.10.16"]
[Round "2"]
[White "Reijneveld, Ad"]
[Black "Fassaert, Desire Jm"]
[Result "1/2-1/2"]
[WhiteElo "2078"]
[BlackElo "1923"]
[PlyCount "52"]
[EventDate "2017.10.15"]
[EventType "swiss"]
[EventRounds "7"]
[EventCountry "GCI"]
[SourceTitle "CBM 181 Extra"]
[Source "ChessBase"]
[SourceDate "2017.12.12"]
[SourceVersion "1"]
[SourceVersionDate "2017.12.12"]
[SourceQuality "1"]

1. e4 c6 2. d4 d5 3. e5 Bf5 4. Nf3 e6 5. Be2 Nd7 6. 0-0 Ne7 7. Nbd2 Bg6 8. Nb3 Nf5 9. Bd2 Be7 10. a4 0-0 11. a5 c5 12. dxc5 Nxc5 13. Nxc5 Bxc5 14. b4 Be7 15. g4 Nh4 16. Nd4 Rc8 17. a6 b6 18. Bb5 Qc7 19. Qe2 h6 20. Rac1 Bh7 21. c4 dxc4 22. Rxc4 Qd8 23. Rxc8 Qxd4 24. Rxf8+ Bxf8 25. Be1 Be4 26. Bc3 Qxc3 1/2-1/2

[Event "Guernsey op 42nd"]
[Site "Vale"]
[Date "2016.10.21"]
[Round "6"]
[White "Reijneveld, Ad"]
[Black "Korneev, Oleg"]
[Result "0-1"]
[WhiteElo "2092"]
[BlackElo "2581"]
[PlyCount "74"]
[EventDate "2016.10.16"]
[EventType "swiss"]
[EventRounds "7"]
[EventCountry "GCI"]
[SourceTitle "CBM 175 Extra"]
[Source "ChessBase"]
[SourceDate "2016.12.12"]
[SourceVersion "1"]
[SourceVersionDate "2016.12.12"]
[SourceQuality "1"]

1. e4 c5 2. Nf3 e6 3. d3 Nc6 4. g3 d5 5. Nbd2 Bd6 6. Bg2 Nge7 7. 0-0 0-0 8. Re1 Qc7 9. c3 Bd7 10. Qe2 f6 11. Nf1 d4 12. cxd4 cxd4 13. Bd2 e5 14. Rec1 Be6 15. Be1 b5 16. N1d2 Rfc8 17. Qf1 Qd7 18. Nb3 Nb4 19. Bxb4 Bxb4 20. Rxc8+ Rxc8 21. Rc1 Rxc1 22. Qxc1 Qc8 23. h4 Qxc1+ 24. Nxc1 Nc8 25. Kh2 Nb6 26. Bh3 Bf7 27. Ng1 Na4 28. Bd7 Nxb2 29. Bxb5 Nd1 30. Kg2 Ba3 31. Nge2 Nc3 32. Bc4 Bxc4 33. dxc4 Bxc1 34. Nxc1 Nxe4 35. Nd3 Kf7 36. f4 Ke6 37. g4 Kd6 0-1

[Event "Guernsey op 42nd"]
[Site "Vale"]
[Date "2016.10.17"]
[Round "2"]
[White "Reijneveld, Ad"]
[Black "Collier, David"]
[Result "1/2-1/2"]
[WhiteElo "2092"]
[BlackElo "2024"]
[PlyCount "55"]
[EventDate "2016.10.16"]
[EventType "swiss"]
[EventRounds "7"]
[EventCountry "GCI"]
[SourceTitle "EXT 2017"]
[Source "ChessBase"]
[SourceDate "2016.10.25"]
[SourceVersion "1"]
[SourceVersionDate "2016.10.25"]
[SourceQuality "1"]

1. e4 c5 2. Nf3 d6 3. Bb5+ Bd7 4. Bxd7+ Qxd7 5. c4 Nc6 6. d4 cxd4 7. Nxd4 Nf6 8. Nc3 g6 9. f3 Bg7 10. Be3 0-0 11. 0-0 Rfd8 12. Qd2 e6 13. Rac1 d5 14. exd5 exd5 15. c5 Re8 16. Bf2 Rad8 17. Ncb5 Re7 18. Rfe1 Rde8 19. Rxe7 Rxe7 20. Nxc6 bxc6 21. Nd4 Qb7 22. b3 Nd7 23. Qa5 Nf8 24. Qa4 Rc7 25. Re1 Rc8 26. Bg3 Qd7 27. Bd6 Ne6 28. Nxe6 1/2-1/2

[Event "Guernsey op 41st"]
[Site "Vale"]
[Date "2015.10.23"]
[Round "6"]
[White "Reijneveld, Ad"]
[Black "Hickman, John"]
[Result "1/2-1/2"]
[WhiteElo "2095"]
[BlackElo "1924"]
[PlyCount "68"]
[EventDate "2015.10.18"]
[EventType "swiss"]
[EventRounds "7"]
[EventCountry "GCI"]
[SourceTitle "CBM 168 Extra"]
[Source "ChessBase"]
[SourceDate "2015.10.29"]
[SourceVersion "1"]
[SourceVersionDate "2015.10.29"]
[SourceQuality "1"]

1. e4 d6 2. d4 Nf6 3. Nc3 g6 4. f4 Bg7 5. Nf3 c5 6. dxc5 Qa5 7. Bd3 Qxc5 8. Qe2 0-0 9. Be3 Qa5 10. 0-0 Bg4 11. Qf2 Bxf3 12. Qxf3 Nc6 13. Kh1 Nb4 14. Rae1 Nd7 15. Bd2 Nxd3 16. cxd3 e6 17. Qf2 Nc5 18. Qe3 Qa6 19. Rf3 Rae8 20. e5 Na4 21. Ne4 dxe5 22. fxe5 Bxe5 23. Nf6+ Bxf6 24. Rxf6 Rd8 25. Bb4 Rxd3 26. Qh6 Rdd8 27. Bxf8 Rxf8 28. Rf3 Qa5 29. Rc1 Qe5 30. Rh3 Qg7 31. Qxg7+ Kxg7 32. b3 Nb6 33. Rd3 Nd5 34. Kg1 Kf6 1/2-1/2

[Event "Guernsey op 40th"]
[Site "Vale"]
[Date "2014.10.21"]
[Round "3"]
[White "Reijneveld, Ad"]
[Black "De Kruif, Kees"]
[Result "1/2-1/2"]
[WhiteElo "2120"]
[BlackElo "1927"]
[PlyCount "33"]
[EventDate "2014.10.19"]
[EventType "swiss"]
[EventRounds "7"]
[EventCountry "GCI"]
[SourceTitle "EXT 2016"]
[Source "ChessBase"]
[SourceDate "2015.10.08"]
[SourceVersion "1"]
[SourceVersionDate "2015.10.08"]
[SourceQuality "1"]

1. e4 c5 2. Nf3 d6 3. Bb5+ Bd7 4. Bxd7+ Nxd7 5. 0-0 e5 6. c3 Ngf6 7. Re1 Be7 8. d4 0-0 9. Nbd2 b5 10. Nf1 Re8 11. Ng3 Bf8 12. h3 Qb6 13. d5 g6 14. a4 b4 15. Be3 bxc3 16. bxc3 Rab8 17. Qd3 1/2-1/2

[Event "Guernsey op 37th"]
[Site "Guernsey"]
[Date "2011.10.16"]
[Round "1"]
[White "Spanton, Timothy"]
[Black "Reijneveld, Ad"]
[Result "0-1"]
[WhiteElo "1980"]
[BlackElo "2172"]
[PlyCount "96"]
[EventDate "2011.10.16"]
[EventType "swiss"]
[EventRounds "7"]
[EventCountry "GCI"]
[SourceTitle "EXT 2012"]
[Source "ChessBase"]
[SourceDate "2011.11.24"]
[SourceVersion "1"]
[SourceVersionDate "2011.11.24"]
[SourceQuality "1"]

1. e4 c5 2. Nc3 Nc6 3. g3 g6 4. Bg2 Bg7 5. d3 e6 6. Be3 d6 7. Qd2 Nge7 8. Bh6 0-0 9. h4 f6 10. Nf3 Nd4 11. Nxd4 cxd4 12. Ne2 e5 13. c3 Qb6 14. Bxg7 Kxg7 15. cxd4 exd4 16. Bh3 Bxh3 17. Rxh3 d5 18. h5 g5 19. e5 Qe6 20. h6+ Kh8 21. Rh2 Qxe5 22. 0-0-0 Nf5 23. Kb1 Rae8 24. Ng1 g4 25. Rh5 Rg8 26. Qb4 b6 27. Qa4 Re7 28. Qb4 Rg5 29. Rh1 Qd6 30. Qd2 Qe6 31. Rc1 Kg8 32. b4 Kf7 33. b5 Kg6 34. Rc6 Qe1+ 35. Kc2 Qf1 36. Nh3 Qxh3 37. Rxh3 gxh3 38. Qd1 Nxh6 39. Qh1 Rh5 40. Kd2 h2 41. f3 Rh3 42. g4 Nf7 43. f4 Ree3 44. Qxd5 h1Q 45. Qf5+ Kg7 46. Qxf6+ Kf8 47. Rc8+ Re8 48. Rxe8+ Kxe8 0-1

[Event "Guernsey op 34th"]
[Site "Guernsey"]
[Date "2008.10.20"]
[Round "2"]
[White "Burton, Ronnie"]
[Black "Reijneveld, Ad"]
[Result "0-1"]
[WhiteElo "2052"]
[BlackElo "2196"]
[PlyCount "86"]
[EventDate "2008.10.19"]
[EventType "swiss"]
[EventRounds "7"]
[EventCountry "GCI"]
[SourceTitle "EXT 2009"]
[Source "ChessBase"]
[SourceDate "2008.11.26"]
[SourceVersion "1"]
[SourceVersionDate "2008.11.26"]
[SourceQuality "1"]

1. c4 Nf6 2. Nc3 Nc6 3. g3 g6 4. Bg2 Bg7 5. d3 0-0 6. e4 d6 7. h3 e5 8. Nge2 Nd7 9. 0-0 Nc5 10. Rb1 a5 11. Be3 Ne6 12. f4 exf4 13. gxf4 Ned4 14. Nxd4 Bxd4 15. Bxd4 Nxd4 16. Qd2 c6 17. Rbe1 Qh4 18. Qf2 Qxf2+ 19. Rxf2 Bd7 20. e5 dxe5 21. fxe5 Bf5 22. Ne4 Bxe4 23. Rxe4 Rad8 24. Rd2 Rfe8 25. Kf2 Re7 26. Ke3 Red7 27. Bf1 c5 28. h4 Re7 29. Bh3 Rde8 30. Kf4 h6 31. Rg2 Kg7 32. a3 b6 33. Rg3 a4 34. Rg4 Rb8 35. Re1 Rf8 36. Re4 f5 37. Re1 Rd8 38. Reg1 Re6 39. Re1 Kf7 40. Rg3 Nc6 41. Bf1 Rd7 42. Kf3 Rde7 43. Re3 Nxe5+ 0-1

[Event "Guernsey op 33rd"]
[Site "Guernsey"]
[Date "2007.10.27"]
[Round "7"]
[White "Reijneveld, Ad"]
[Black "Ravikumar, Vaidyanathan"]
[Result "1/2-1/2"]
[WhiteElo "2175"]
[BlackElo "2350"]
[PlyCount "54"]
[EventDate "2007.10.21"]
[EventType "swiss"]
[EventRounds "7"]
[EventCountry "GCI"]
[SourceTitle "EXT 2009"]
[Source "ChessBase"]
[SourceDate "2008.11.26"]
[SourceVersion "1"]
[SourceVersionDate "2008.11.26"]
[SourceQuality "1"]

1. e4 c5 2. Nf3 e6 3. d4 cxd4 4. Nxd4 a6 5. Bd3 Nf6 6. Nc3 d6 7. f4 Nbd7 8. Qe2 Qc7 9. Nf3 Nc5 10. 0-0 Be7 11. Bd2 0-0 12. b4 Nxd3 13. cxd3 Bd7 14. Rac1 Qb6+ 15. Kh1 Rfc8 16. a4 Bf8 17. a5 Qd8 18. Nd4 Rc7 19. Be3 Rac8 20. Qb2 Ng4 21. Bg1 Qf6 22. h3 Qh6 23. Nce2 g6 24. Rxc7 Rxc7 25. Rc1 Rxc1 26. Qxc1 e5 27. Qc7 Ba4 1/2-1/2

[Event "Guernsey op 33rd"]
[Site "Guernsey"]
[Date "2007.10.23"]
[Round "3"]
[White "Reijneveld, Ad"]
[Black "Franklin, Samuel Gideon"]
[Result "1-0"]
[WhiteElo "2175"]
[BlackElo "1917"]
[PlyCount "51"]
[EventDate "2007.10.21"]
[EventType "swiss"]
[EventRounds "7"]
[EventCountry "GCI"]
[SourceTitle "EXT 2009"]
[Source "ChessBase"]
[SourceDate "2008.11.26"]
[SourceVersion "1"]
[SourceVersionDate "2008.11.26"]
[SourceQuality "1"]

1. Nc3 c5 2. Nf3 g6 3. d4 Nf6 4. dxc5 Bg7 5. g3 0-0 6. Bg2 Qc7 7. 0-0 Qxc5 8. Bg5 Qf5 9. e4 Qc5 10. e5 Ng4 11. Qd5 Qb4 12. a3 Qxb2 13. Nb5 e6 14. Qd3 Nxe5 15. Nxe5 Qxe5 16. Bf4 Qh5 17. Nc7 Bxa1 18. Rxa1 e5 19. g4 Qh4 20. Bxe5 Nc6 21. Bd6 Qf6 22. Re1 Rb8 23. Ne8 Qd4 24. Qxd4 Nxd4 25. Bxb8 Nxc2 26. Rc1 1-0

[Event "Guernsey op 33rd"]
[Site "Guernsey"]
[Date "2007.10.22"]
[Round "2"]
[White "Rowe, Peter"]
[Black "Reijneveld, Ad"]
[Result "1/2-1/2"]
[WhiteElo "2046"]
[BlackElo "2175"]
[PlyCount "60"]
[EventDate "2007.10.21"]
[EventType "swiss"]
[EventRounds "7"]
[EventCountry "GCI"]
[SourceTitle "EXT 2009"]
[Source "ChessBase"]
[SourceDate "2008.11.26"]
[SourceVersion "1"]
[SourceVersionDate "2008.11.26"]
[SourceQuality "1"]

1. d4 Nf6 2. Nf3 d6 3. Bf4 g6 4. e3 Bg7 5. h3 0-0 6. Bd3 c5 7. c3 b6 8. 0-0 Bb7 9. Nbd2 Nc6 10. Qe2 Qd7 11. Rfd1 cxd4 12. cxd4 Nd5 13. Bg3 Kh8 14. Bc4 Nc7 15. Rac1 Rac8 16. a3 d5 17. Bd3 f5 18. b4 a6 19. Bxc7 Rxc7 20. Bxa6 Ra8 21. Bxb7 Rxb7 22. Qb5 Ne5 23. Qxd7 Nxd7 24. Nb1 Bf6 25. Rd3 Kg7 26. Kf1 Kf7 27. Rdc3 Raa7 28. Ke2 e6 29. Kd3 b5 30. Nbd2 Nb6 1/2-1/2

[Event "Guernsey op 33rd"]
[Site "Guernsey"]
[Date "2007.10.21"]
[Round "1"]
[White "Reijneveld, Ad"]
[Black "Guttridge, David"]
[Result "1-0"]
[WhiteElo "2175"]
[BlackElo "2001"]
[PlyCount "47"]
[EventDate "2007.10.21"]
[EventType "swiss"]
[EventRounds "7"]
[EventCountry "GCI"]
[SourceTitle "EXT 2009"]
[Source "ChessBase"]
[SourceDate "2008.11.26"]
[SourceVersion "1"]
[SourceVersionDate "2008.11.26"]
[SourceQuality "1"]

1. Nc3 e6 2. d4 d5 3. e4 Bb4 4. e5 Qd7 5. Qg4 f5 6. Qh5+ g6 7. Qd1 b6 8. h4 h5 9. Nh3 Ba6 10. Bg5 Bxf1 11. Kxf1 Bxc3 12. bxc3 Nc6 13. Nf4 Nge7 14. Rh3 0-0-0 15. Qd3 Rdg8 16. c4 dxc4 17. Qxc4 Nd5 18. Nd3 Na5 19. Qa6+ Kb8 20. Nc5 Qc6 21. Rb1 Ka8 22. Ra3 Nb4 23. Rxb4 bxc5 24. Qxa5 1-0

[Event "Guernsey op 30th"]
[Site "Guernsey"]
[Date "2004.10.08"]
[Round "6"]
[White "Clark, Ian C"]
[Black "Reijneveld, Ad"]
[Result "1-0"]
[WhiteElo "2109"]
[BlackElo "2203"]
[PlyCount "51"]
[EventDate "2004.10.03"]
[EventType "swiss"]
[EventRounds "7"]
[EventCountry "GCI"]
[SourceTitle "CBM 102 Extra"]
[Source "ChessBase"]
[SourceDate "2004.11.03"]
[SourceVersion "1"]
[SourceVersionDate "2004.11.03"]
[SourceQuality "1"]

1. e4 c5 2. Nf3 g6 3. d4 cxd4 4. Nxd4 Bg7 5. Be3 Nc6 6. c3 Nf6 7. Nd2 0-0 8. Be2 d5 9. Nxc6 bxc6 10. e5 Nd7 11. f4 f6 12. exf6 Bxf6 13. 0-0 e5 14. fxe5 Nxe5 15. Nf3 Ng4 16. Bc5 Re8 17. Qd2 Bg7 18. Ng5 Bh6 19. Bxg4 Bxg4 20. h4 Re2 21. Qf4 Qd7 22. Rae1 Rae8 23. Rxe2 Bxe2 24. Rf2 Bd3 25. Qd2 Be4 26. Nxe4 1-0

[Event "Guernsey op 29th"]
[Site "Les Dicqs"]
[Date "2003.10.25"]
[Round "7"]
[White "Reijneveld, Ad"]
[Black "Goater, Kevin"]
[Result "0-1"]
[WhiteElo "2220"]
[BlackElo "2149"]
[PlyCount "90"]
[EventDate "2003.10.19"]
[EventType "swiss"]
[EventRounds "7"]
[EventCountry "GCI"]
[SourceTitle "EXT 2005"]
[Source "ChessBase"]
[SourceDate "2004.11.15"]
[SourceVersion "1"]
[SourceVersionDate "2004.11.15"]
[SourceQuality "1"]

1. Nc3 d6 2. d4 c6 3. e4 Nf6 4. f4 Qa5 5. Bd3 e5 6. Nf3 Nbd7 7. Bd2 Qb6 8. Ne2 exd4 9. Nexd4 Nc5 10. Qe2 Nxd3+ 11. cxd3 c5 12. Nb3 Be7 13. Bc3 0-0 14. Nbd2 Bd7 15. 0-0 Rfe8 16. Rae1 Qc7 17. Ng5 h6 18. Qf3 Bc6 19. d4 b5 20. b3 a5 21. d5 Bb7 22. Qg3 Nh5 23. Qg4 Nf6 24. Qf3 a4 25. Re3 axb3 26. axb3 Bd8 27. Qg3 Nh5 28. Qg4 Nf6 29. Qh4 Nxd5 30. Bxg7 Kxg7 31. Rg3 hxg5 32. Rxg5+ Bxg5 33. Qxg5+ Kf8 34. Qh6+ Ke7 35. exd5 Kd8 36. Nf3 Kc8 37. Qh5 Kb8 38. Ng5 Bxd5 39. Rd1 Bxb3 40. Rc1 Kb7 41. Qf3+ Qc6 42. Qxb3 Re2 43. Qxf7+ Kb6 44. Nf3 Raa2 45. Nd4 Qxg2# 0-1

[Event "Guernsey op 29th"]
[Site "Les Dicqs"]
[Date "2003.10.22"]
[Round "4"]
[White "Rowe, Peter"]
[Black "Reijneveld, Ad"]
[Result "0-1"]
[WhiteElo "2091"]
[BlackElo "2220"]
[PlyCount "100"]
[EventDate "2003.10.19"]
[EventType "swiss"]
[EventRounds "7"]
[EventCountry "GCI"]
[SourceTitle "EXT 2005"]
[Source "ChessBase"]
[SourceDate "2004.11.15"]
[SourceVersion "1"]
[SourceVersionDate "2004.11.15"]
[SourceQuality "1"]

1. d4 Nf6 2. Bf4 d6 3. Nf3 g6 4. e3 Bg7 5. h3 0-0 6. Be2 Nbd7 7. 0-0 c6 8. c4 h6 9. Nc3 Nh7 10. Qd2 f5 11. Rad1 a6 12. Bh2 Qe8 13. d5 c5 14. a3 Ng5 15. Nxg5 hxg5 16. f4 gxf4 17. Bxf4 Nf6 18. Bf3 b5 19. e4 b4 20. Nb1 fxe4 21. Be2 a5 22. Rde1 Bd7 23. g4 Qc8 24. Bh6 Kh7 25. Bxg7 Kxg7 26. g5 Bxh3 27. gxf6+ exf6 28. Rf2 Rh8 29. Qf4 Qf5 30. Qg3 Qd7 31. Nd2 Rae8 32. Qf4 f5 33. Bd1 Qe7 34. Nf3 Rh5 35. Rh2 Reh8 36. Kf2 Qf6 37. Nd2 Rh4 38. Qe3 Bg4 39. Rxh4 Qxh4+ 40. Qg3 Qh2+ 41. Qg2 Qf4+ 42. Kg1 Rh3 43. Nf1 Rh4 44. Ne3 Bxd1 45. Nxd1 Rg4 46. Qxg4 Qxg4+ 47. Kf1 Qf3+ 48. Kg1 Qg3+ 49. Kf1 bxa3 50. bxa3 Qxa3 0-1